Las 32 victorias de Fernando Alonso en F1 - Estadísticas

Estadísticas generales
  • Esta prueba ha sido intentada 683 veces
  • La puntuación promedio es 24 de 32
Estadísticas de respuestas
Año Gran Premio % Correcto
2006 España
96%
2013 España
96%
2006 Japón
88%
2008 Japón
88%
2007 Italia
87%
2010 Italia
87%
2006 Mónaco
87%
2007 Mónaco
87%
2005 Alemania
85%
2010 Alemania
85%
2012 Alemania
85%
2005 China
85%
2013 China
85%
2005 Francia
84%
2003 Hungría
83%
2006 Australia
82%
2008 Singapur
73%
2010 Singapur
73%
2005 Malasia
70%
2007 Malasia
70%
2012 Malasia
70%
2005 Baréin
68%
2006 Baréin
68%
2010 Baréin
68%
2006 Canadá
68%
2007 Europa
61%
2012 Europa
61%
2005 Europa
60%
2005 San Marino
58%
2010 Corea
53%
2006 Gran Bretaña
35%
2011 Gran Bretaña
35%
No se encontraron pruebas coincidentes
Distribución de puntuación
Porcentaje de gente con cada puntuación
Porcentaje por número respondido
Historial de tus puntuaciones
No has intentado esta prueba.